LEADER 00655nam0-22002651i-450- 001 990003521700403321 005 20001010 035 $a000352170 035 $aFED01000352170 035 $a(Aleph)000352170FED01 035 $a000352170 100 $a20000920d1948----km-y0itay50------ba 101 0 $aita 105 $ay-------001yy 200 1 $aMr. Attlee$fR. Jenkins 210 $aLondon$cs.e.$d1948 700 1$aJenkins,$bRoy$0173201 801 0$aIT$bUNINA$gRICA$2UNIMARC 901 $aBK 912 $a990003521700403321 952 $aSE 041.06.032-$b05899$fDECSE 959 $aDECSE 996 $aMr. Attlee$9498220 997 $aUNINA DB $aING01 LEADER 01019cam0-22003011i-450 001 990007411440403321 005 20200407203132.0 010 $a88-7153-635-5 035 $aFED01000741144 035 $a(Aleph)000741144FED01 035 $a000741144 100 $a20030411d1994----km-y0itay50------ba 101 0 $aita 102 $aIT 105 $ay-------001yy 200 1 $aComunità, stato, strutture decentrate$eil coordinamento nella competizione fra sistemi paese e i problemi del sistema italiano$fANIDE, Associazione Nazionale per l'informazione e la Documentazione Europea 210 $aRoma$cSIPI$dc1994 215 $a108 p.$d24 cm 710 02$aAssociazione nazionale per l'informazione e la documentazione europea$0267883 801 0$aIT$bUNINA$gRICA$2UNIMARC 901 $aBK 912 $a990007411440403321 952 $aXXVII 325$b344$fDDCIC 952 $aISVE F1-F4.18$b10822$fDECTS 959 $aDECTS 959 $aDDCIC 996 $aComunità, stato, strutture decentrate$9677268 997 $aUNINA